| 000 | 00000nas 2200000zi 4500 |
| 001 | 9.891396 |
| 003 | CaOODSP |
| 005 | 20251031120935 |
| 006 | m o d f |
| 007 | cr ||||||||||| |
| 008 | 200911c20179999oncar p o f0###b0fre|d |
| 022 | |a2564-0836 |
| 040 | |aCaOODSP|bfre|erda|cCaOODSP |
| 043 | |an-cn--- |
| 086 | 1 |aPS91-11F-PDF |
| 086 | 1 |aPS91-8F-PDF |
| 110 | 2 |aCommission des libérations conditionnelles du Canada. |bProgramme de suspension du casier, |eauteur, |eorganisme de publication |
| 222 | 0|aRapport au Parlement ... |b(Commission des libérations conditionnelles du Canada. Programme de suspension du casier) |
| 245 | 10|aRapport au Parlement … : |ben vertu de l’article 11 de la Loi sur le casier judiciaire / |cCommission des libérations conditionnelles du Canada, Programme de suspension du casier. |
| 264 | 1|a[Ottawa] : |bCommission des libérations conditionnelles du Canada, |c[2017]- |
| 310 | |aAnnuel |
| 336 | |atexte|btxt|2rdacontent/fre |
| 337 | |ainformatique|bc|2rdamedia/fre |
| 338 | |aressource en ligne|bcr|2rdacarrier/fre |
| 362 | 1 |aParaît depuis 2016-2017. |
| 500 | |aPublié aussi en anglais sous le titre : ... report to Parliament, pursuant to section 11 of the Criminal Records Act. |
| 515 | |aL'année d'activité se termine le 30 mars. |
| 588 | |aDescription d'après : 2016-2017. |
| 588 | |aDernière livraison consultée : 2019-2020. |
| 650 | 6|aCasiers judiciaires|xAccès|xContrôle|zCanada|vPériodiques. |
| 650 | 6|aJustice peĢnale|xAdministration|zCanada|vPériodiques. |
| 655 | 7|aStatistiques|2rvmgf |
| 655 | 7|aPériodiques|2rvmgf |
| 710 | 2 |aCommission des libérations conditionnelles du Canada. |bProgramme de suspension du casier, |eorganisme de publication. |
| 775 | 08|t… report to Parliament : |w(CaOODSP)9.891387 |